DNA SYNTHESIS AND UV RESISTANCE IN ESCHERICHIA COLI K12 CELLS

Bibliographic Details
Main Author: Slezáriková, Viera (Author)
Other Authors: Mock, V. (Translator)
Format: Article
Language:English

MARC

LEADER 00000nab a2200000uu 4500
001 vtls011440921
003 SK-MaSNL
005 20260303123325.0
008 230213|1976 xo |||||||||||||||||eng|
015 |a SNBRB 
035 |a (urnnbn)urn:nbn:sk:snk:ar-002zml 
035 |a (uuid)5a7a1cb0-b83e-4d47-b082-f52f54ae77cc 
035 |a urn:nbn:sk:snk-abcfa8 
040 |a SNKBUCL  |b slo  |c SNKBUCL  |e AACR2 
041 0 |a eng 
044 |a xo  |c SK 
100 1 |a Slezáriková, Viera  |4 aut  |9 1137980 
245 1 0 |a DNA SYNTHESIS AND UV RESISTANCE IN ESCHERICHIA COLI K12 CELLS  |c Viera Slezáriková, V. Mock 
700 1 |a Mock, V.  |4 trl  |9 1137284 
773 0 |t Biológia : časopis Slovenskej akadémie vied  |g Roč. 31, č. 6 (1976), s. 393-400 
954 |a odborná, vedecká literatúra pôvodná (slovenská)  |2 lita 
958 |a OND 
958 |a EUIPO 
958 |a article16 
999 |c 1925216  |d 1927146